CÁC VẤN ĐỀ NGHIÊN CỨU VỀ HOA KỲ

Guardado en:
Detalles Bibliográficos
Autor principal: NGUYÊN THÁI YÊN HƯƠNG
Formato: Libro
Lenguaje:Vietnamese
Publicado: HÀ NỘI 2011
Materias:
Etiquetas: Agregar Etiqueta
Sin Etiquetas, Sea el primero en etiquetar este registro!
Thư viện lưu trữ: Mạng thư viện Đại học Đà Nẵng
LEADER 00919nam a22002531a 4500
001 000034215
003 10407
005 20151027132110.0
008 151027s2011 000 vie
041 |a vie 
082 |a 495.9297  |b NG-H 
100 |a NGUYÊN THÁI YÊN HƯƠNG 
245 |a CÁC VẤN ĐỀ NGHIÊN CỨU VỀ HOA KỲ  |c NGUYÊN THÁI YÊN HƯƠNG, TẠ MINH TUẤN 
260 |a HÀ NỘI  |c 2011 
300 |a 699tr. : ill ; 30cm 
650 |a CÁC VẤN ĐỀ NGHIÊN CỨU VỀ HOA KỲ, HOA KỲ 
OWN |a LNN 
AVA |a UDN50  |b LNN  |d 495.9297 NG-H  |e available  |t Error 5001 Not defined in file expand_doc_bib_avail.  |f 2  |g 0  |h N  |i 0  |k 1 
999 |a From the UDN01 
AVA |a UDN50  |b LNN  |d 495.9297 NG-H  |e available  |t Error 5001 Not defined in file expand_doc_bib_avail.  |f 2  |g 0  |h N  |i 0  |k 1 
TYP |a Monograph 
980 |a Mạng thư viện Đại học Đà Nẵng